| 000 | 01726 a2200229 4500 | ||
|---|---|---|---|
| 001 | 38245 | ||
| 005 | 20260407155647.0 | ||
| 008 | 260407a2015 arg spa d | ||
| 003 | AR-UNSa-BCEJYS | ||
| 040 |
_aAR-UNSa-BCEJYS _bspa _cAR-UNSa-BCEJYS |
||
| 080 |
_a340.12 _xTendencias en la teoría del derecho. Escuelas, doctrinas jurídicas. Filosofía del derecho. Teorías sobre el Estado y el derecho |
||
| 245 | 1 | 0 |
_aDerecho y literatura _ptextos y contextos |
| 020 | _a978-950-23-2519-4 | ||
| 264 | 1 |
_aBuenos Aires : _bEUDEBA (Editorial Universitaria de Buenos Aires) _c2015 |
|
| 300 |
_a270 p. _c22 cm. |
||
| 505 | _a1. Introducción / Jorge Roggero - 2. Derecho y literatura: un no manifiesto / James Boyd White - 3. Comunidades, textos y derecho: reflexiones sobre el movimiento "Derecho y Literatura" / Robin West - 4. La educación jurídica y la imaginación democrática / Ian Ward - 5. El derecho en la pantalla / Peter Goodrich - 6. Trabajando en cadena. La interpretación en derecho y literatura / Stanley Fish - 7. El reflejo del derecho en la literatura / Francois Ost - 8. Derecho y literatura. Intersecciones instrumental, estructural e institucional / José Calvo González - 9. Derecho y literatura. Algo de lo que sí se puede hablar pero en voz baja / Enrique Eduardo Marí - 10. Porcia y la función paradójica del derecho / Carlos María Cárcova - 11. Hay "derecho y literatura" en la Argentina / Jorge Roggero - 12. Derecho y literatura como teoría crítica del derecho | ||
| 041 | _aspa | ||
| 942 | _cBK | ||
| 590 | _aniveau_biblio:m niveau_hierar:0 | ||
| 100 | 1 | _aRoggero, Jorge | |
| 856 | 4 | 1 |
_uhttps://biblioeco.unsa.edu.ar/pmb/images/libros/dchoLit_roggero.jpg _yImagen de portada _qimage/jpeg |
| 999 |
_c2867 _d2867 |
||